A húspép etetés gyakorlatának vizsgálata az orosházi "Petőfi" Mgtsz-ben

Elmentve itt :
Bibliográfiai részletek
Szerző: Nagy Sándor
További közreműködők: Kovács Gábor (Témavezető)
Dokumentumtípus: Szakdolgozat
Megjelent: 1989
Kulcsszavak:Takarmányozás
Húspép etetése
Orosháza
Tárgyszavak:
Online Access:http://diploma.bibl.u-szeged.hu/99448
LEADER 00745nta a2200229 i 4500
001 dipl99448
005 20211222082020.0
008 211214s1989 hu om 0|| hun d
040 |a SZTE Diploma Repozitórium  |b hun 
041 |a hun 
100 1 |a Nagy Sándor 
245 1 2 |a A húspép etetés gyakorlatának vizsgálata az orosházi "Petőfi" Mgtsz-ben  |h [elektronikus dokumentum] /  |c Sándor Nagy 
260 |c 1989 
300 |a 32 
650 4 |a Agrár 
650 4 |a Agricultural sciences 
650 4 |a Animal and Dairy science 
695 |a Takarmányozás 
695 |a Húspép etetése 
695 |a Orosháza 
700 1 |a Kovács Gábor  |e ths 
856 4 0 |u http://diploma.bibl.u-szeged.hu/id/eprint/99448/1/1989_nagy_sandor.pdf  |z Dokumentum-elérés